Tìm kiếm một đối tượng trong nhiều video : Luận văn Thạc sĩ. Ngành Hệ thống thông tin
Nghiên cứu cách tìm kiếm một đối tượng trong nhiều video
Salvato in:
| Autore principale: | |
|---|---|
| Natura: | Libro |
| Lingua: | Undetermined |
| Pubblicazione: |
Cần Thơ
Đại học Cần Thơ
2016
|
| Soggetti: | |
| Tags: |
Aggiungi Tag
Nessun Tag, puoi essere il primo ad aggiungerne! !
|
| Thư viện lưu trữ: | Trung tâm Học liệu Trường Đại học Cần Thơ |
|---|
| LEADER | 00927nam a2200217Ia 4500 | ||
|---|---|---|---|
| 001 | CTU_215988 | ||
| 008 | 210402s9999 xx 000 0 und d | ||
| 082 | |a 621.367 | ||
| 082 | |b C120 | ||
| 088 | |a 60480104 | ||
| 100 | |a Trần, Thị Mộng Cầm | ||
| 245 | 0 | |a Tìm kiếm một đối tượng trong nhiều video : | |
| 245 | 0 | |b Luận văn Thạc sĩ. Ngành Hệ thống thông tin | |
| 245 | 0 | |c Trần Thị Mộng Cầm ; Trần Cao Đệ (Hướng dẫn Khoa học) | |
| 260 | |a Cần Thơ | ||
| 260 | |b Đại học Cần Thơ | ||
| 260 | |c 2016 | ||
| 520 | |a Nghiên cứu cách tìm kiếm một đối tượng trong nhiều video | ||
| 650 | |a Optical pattern recognition,Image processing,Sự nhận dạng mẫu quang học,Xử lý hình ảnh | ||
| 904 | |i Nguyên | ||
| 980 | |a Trung tâm Học liệu Trường Đại học Cần Thơ | ||